000 00839cab a2200277 4500
001 WB2915-67
008 090401t1993 xxu||||| |||| 00| 0 eng d
035 _a(Sirsi) u6268
041 _aeng
100 _aTutcher, Stephen
245 _aNon-domestic rating regulations
260 _c1993
350 _a0
490 _aCSW - The Property Week
_v43(3) 15 April 1993, 46(1)
520 _aThe Non-Domestic Rating (Alteration of Lists and Appeals) Regulations 1993 (SI 1993: ) came into force 1 April 1993. Summarises the provisions and obligations laid down.
650 _aALTERATION
650 _aAPPEALS
650 _aBUSINESS RATES
650 _aCOMPARABLES
650 _aNON-DOMESTIC RATING
650 _aREVALUATION
650 _aVALUATION LIST
690 _aRATING AND VALUATION
942 _n0
948 _c04/03/1997
999 _c3770
_d3770